Brest ou Brest ? - Statistiques

Statistiques générales
  • Ce quiz a été pris 97 fois
  • Le résultat moyen est 4 sur 10
Statistiques - réponses
Question Réponse % Correct
La plus au Nord Brest (Biélorussie)
74%
Capitale de sa subdivision (département, voblast) Brest (Biélorussie)
72%
Possède un traité majeur à son nom Brest (Biélorussie)
58%
A changé de pays au cours de son histoire Les deux
53%
La plus peuplée Brest (Biélorussie)
44%
Un PDG d'une compagnie de pétrolière y est né Brest (Bretagne)
40%
A été complétement détruite au cours de son histoire Les deux
33%
Est jumelée à Brest (française ou biélorusse) Les deux
30%
Possède un canal qui la relie à une autre ville Les deux
15%
Possède un club de handball de niveau européen Les deux
9%
Aucun quiz correspondant
Distribution des résultats
% des personnes avec chaque résultat
Percentile par nombre de réponses
Votre historique - résultats
Vous n’avez pas pris ce quiz